A kofasor jelene és jövője Mars téri egyeztető /

Elmentve itt :
Bibliográfiai részletek
Szerző: Fekete Klára
Dokumentumtípus: Cikk
Megjelent: 1996-02-22
Sorozat:Délmagyarország 86 No. 45
Kulcsszavak:Szeged, Településfejlesztés rehabilitáció Szeged Mars tér, Kereskedelem piac Szeged Mars tér
Online Access:http://dmarchiv.bibl.u-szeged.hu/82598
LEADER 00560nab a2200157 i 4500
001 delm82598
005 20191015093551.0
008 191015s1996 hu o 0|| hun d
040 |a SZTE Délmagyarország Archívum  |b hun 
041 |a hun 
100 1 |a Fekete Klára 
245 1 2 |a A kofasor jelene és jövője   |h [elektronikus dokumentum] :  |b Mars téri egyeztető /  |c  Fekete Klára 
260 |c 1996-02-22 
300 |a 1, 5 
490 0 |a Délmagyarország  |v 86 No. 45 
695 |a Szeged, Településfejlesztés rehabilitáció Szeged Mars tér, Kereskedelem piac Szeged Mars tér